| 000 | 00000nam 2200000zi 4500 |
| 001 | 9.947421 |
| 003 | CaOODSP |
| 005 | 20250128093210 |
| 006 | m o d f |
| 007 | cr |n||||||||| |
| 008 | 250127e198006##oncdb ob f000 0 eng d |
| 040 | |aCaOODSP|beng|erda|cCaOODSP |
| 043 | |an-cn--- |
| 086 | 1 |aEn57-64/80-10E-PDF |
| 100 | 1 |aTaylor, P. A.|q(Peter A.)|eauthor. |
| 245 | 10|aAirflow over a low hill : |bsite selection for a field experiment and preliminary measurements / |cby P.A. Taylor, R.E. Mickle and K.O. Vanek. |
| 264 | 1|aDownsview, Ontario : |bBoundary Layer Research Division, Air Quality and Inter-Environmental Research Branch, Atmospheric Environment Service, |cJune 1980. |
| 300 | |a1 online resource (25 pages, 2 unnumbered pages) : |bcharts, maps. |
| 336 | |atext|btxt|2rdacontent |
| 337 | |acomputer|bc|2rdamedia |
| 338 | |aonline resource|bcr|2rdacarrier |
| 490 | 1 |aReport AQRB ;|v80-010-L |
| 500 | |aDigitized edition from print [produced by Environment and Climate Change Canada]. |
| 500 | |a"Date completed: June 1980." |
| 504 | |aIncludes bibliographical references (page 11). |
| 520 | 3 |a"In order to improve our understanding and modelling of boundary-layer flow in complex terrain a series of field experiments to measure flow over isolated low hills is planned. The present report describes our search for suitable hill sites, some very preliminary measurements and model comparisons. These were all completed satisfactorily and planning is now well in hand for a more detailed study for February 1981"--Abstract. |
| 650 | 0|aBoundary layer (Meteorology) |
| 650 | 0|aWinds|xSpeed|xMeasurement. |
| 650 | 0|aWind power. |
| 650 | 6|aCouche limite (Météorologie) |
| 650 | 6|aVents|xVitesse|xMesure. |
| 650 | 6|aÉnergie éolienne. |
| 710 | 1 |aCanada. |bBoundary Layer Research Division, |eissuing body. |
| 710 | 1 |aCanada. |bAtmospheric Environment Service, |eissuing body. |
| 830 | #0|aReport (Canada. Air Quality and Inter-Environmental Research Branch)|v80-010-L.|w(CaOODSP)9.941851 |
| 856 | 40|qPDF|s987 KB|uhttps://publications.gc.ca/collections/collection_2025/eccc/en57/En57-64-80-10-eng.pdf |